Countries that Give the Most Foreign Aid - Statistics

General Stats
  • This quiz has been taken 33,167 times
    23,775 since last reset
  • The average score is 18 of 21
Answer Stats
Total $ % of GNP Country % Correct
31.1 bil United States
100%
18.7 bil 0.71% United Kingdom
98%
17.8 bil 0.52% Germany
97%
4.29 bil 0.28% Canada
96%
9.23 bil 0.37% France
96%
4.28 bil 1.05% Norway
96%
7.09 bil 1.40% Sweden
96%
3.84 bil Italy
93%
0.56% Finland
92%
3.22 bil Australia
90%
9.32 bil Japan
90%
2.57 bil 0.85% Denmark
88%
3.54 bil 0.52% Switzerland
85%
5.81 bil 0.76% Netherlands
84%
0.42% Belgium
83%
0.32% Austria
79%
1.91 bil South Korea
74%
0.36% Ireland
73%
0.93% Luxembourg
63%
3.91 bil 0.54% Turkey
61%
4.39 bil 1.09% United Arab Emirates
48%
No matching quizzes found
Score Distribution
Percent of People with Each Score
Percentile by Number Answered
Your Score History
You have not taken this quiz since the last reset